00499nam a2200193 a 4500001001300000003000900013005001700022008004100039020002300080082001800103100001800121245003100139260003500170300000900205500003500214505001000249650002800259700001800287nice12345678IN_TiNIC20260116014142.0050803s2004 dela grp 000 0 eng  a8126118873 c75000a305.4097bHUS aHus, Muzaffar aSocial Revolution of Islam aDelhibAnmol Publishers c2004 a307p aincludes index and biblioraphy2 aindex aRevolution-Social-islam1 aHus, Muzaffar